[Event "Timisoara Foisor Memorial Rapid"]
[Site "Timisoara"]
[Date "2023.08.05"]
[Round "4"]
[White "Gavrilescu, David"]
[Black "Dragomirescu, Robin Alexandru"]
[Result "1/2-1/2"]
[WhiteElo "2526"]
[BlackElo "2341"]
[PlyCount "168"]
[EventDate "2023.08.05"]
[EventType "swiss (rapid)"]
[EventRounds "10"]
[EventCountry "ROU"]
[SourceTitle "CBM 215 Extra"]
[Source "ChessBase"]
[SourceDate "2023.09.30"]
[SourceVersion "1"]
[SourceVersionDate "2023.09.30"]
[SourceQuality "1"]

1. e4 g6 2. d4 Nf6 3. Bd3 d6 4. Nf3 Bg7 5. 0-0 0-0 6. Re1 Nc6 7. c3 e5 8. h3 Re8 9. d5 Ne7 10. c4 b6 11. Nc3 h6 12. Bd2 a5 13. a3 Nh5 14. b4 Rf8 15. Rc1 axb4 16. axb4 f5 17. Bf1 fxe4 18. Nxe4 Nf4 19. Bxf4 Rxf4 20. c5 bxc5 21. bxc5 g5 22. Qb3 g4 23. hxg4 Bxg4 24. Nfd2 Bf5 25. cxd6 cxd6 26. g3 Rg4 27. Qb7 Rb8 28. Qa6 Rg6 29. Nf3 Rg4 30. Nxd6 Rg6 31. Nb7 Qxd5 32. Qa3 Qxb7 33. Nxe5 Rf6 34. Bg2 Qb4 35. Qa7 Re6 36. Nd3 Qd6 37. Rxe6 Bxe6 38. Nf4 Bf7 39. Rc7 Rb1+ 40. Kh2 Bf6 41. Rd7 Qe5 42. Qa8+ Kg7 43. Qf3 Rb3 44. Qg4+ Qg5 45. Qh3 Qxf4 46. gxf4 Rxh3+ 47. Bxh3 Kg6 48. Kg3 Bc4 49. Kf3 Bd5+ 50. Ke3 Bb3 51. Rb7 Ba2 52. Rb5 Bc4 53. Rc5 Bb3 54. Bd7 Ba2 55. f5+ Kf7 56. f4 Bb1 57. Be6+ Kg7 58. Rb5 Bc2 59. Ra5 h5 60. Rc5 Bd1 61. Rc1 Bg4 62. Ke4 Kh6 63. Rg1 Nc6 64. Bd7 Nd4 65. Rb1 h4 66. Rb6 Kg7 67. Rxf6 Kxf6 68. Kxd4 Bxf5 69. Bc6 h3 70. Ke3 Be6 71. Kf2 Kf5 72. Kf3 h2 73. Be4+ Kf6 74. Kg3 Bf5 75. Bc6 Bd7 76. Bf3 Be6 77. Kxh2 Bf5 78. Kg3 Be6 79. Kf2 Bf5 80. Ke3 Be6 81. Be4 Bd7 82. Kd4 Be6 83. f5 Bxf5 84. Bxf5 Kxf5 1/2-1/2

[Event "Titled Tuesday intern op 25th Jul Late"]
[Site "Chess.com INT"]
[Date "2023.07.25"]
[Round "1"]
[White "Cardozo, D Cesar G"]
[Black "Dragomirescu, Robin Alexandru"]
[Result "0-1"]
[WhiteElo "2043"]
[BlackElo "2338"]
[PlyCount "122"]
[EventDate "2023.07.25"]
[EventType "swiss (blitz)"]
[EventRounds "11"]
[EventCountry "USA"]
[SourceTitle "EXT 2024"]
[Source "ChessBase"]
[SourceDate "2023.10.10"]
[SourceVersion "1"]
[SourceVersionDate "2023.10.10"]
[SourceQuality "1"]

1. e4 g6 2. Nf3 Nf6 3. Nc3 d5 4. exd5 Nxd5 5. Nxd5 Qxd5 6. d4 Bg7 7. c3 c5 8. dxc5 Qxc5 9. Be2 0-0 10. 0-0 e5 11. Be3 Qc7 12. Qb3 Be6 13. Qc2 h6 14. Rad1 Nc6 15. Rfe1 Rfd8 16. h3 Nd4 17. Qc1 Nxe2+ 18. Rxe2 Bxa2 19. Rxd8+ Rxd8 20. Bxh6 Bc4 21. Re1 f6 22. Bxg7 Kxg7 23. Rd1 b6 24. g4 e4 25. Rxd8 Qxd8 26. Qd2 Qc7 27. Nd4 Qe5 28. Nc6 Qc7 29. Nd4 a5 30. b3 Bf7 31. Nb5 Qe5 32. Qd7 Qe6 33. Qxe6 Bxe6 34. c4 a4 35. bxa4 Bxc4 36. Nd6 Bd3 37. Nc8 b5 38. axb5 Bxb5 39. Nd6 Bd3 40. f3 exf3 41. Kf2 Be2 42. Ne4 Kf7 43. Nd2 Ke6 44. Nxf3 Bb5 45. Ke3 Be8 46. h4 Kd5 47. Kf4 Ke6 48. g5 fxg5+ 49. Kxg5 Kf7 50. Ne5+ Kg7 51. Ng4 Bf7 52. Nf6 Be6 53. Ne4 Bf7 54. Nd6 Be6 55. Ne8+ Kf7 56. Nf6 Kg7 57. Ne4 Bf7 58. Nc5 Bg8 59. Nd7 Bf7 60. Ne5 Be8 61. Kf4 Kf6 0-1

[Event "Titled Tuesday intern op 25th Jul Late"]
[Site "Chess.com INT"]
[Date "2023.07.25"]
[Round "2"]
[White "Sjugirov, Sanan"]
[Black "Dragomirescu, Robin Alexandru"]
[Result "1-0"]
[WhiteElo "2699"]
[BlackElo "2338"]
[PlyCount "99"]
[EventDate "2023.07.25"]
[EventType "swiss (blitz)"]
[EventRounds "11"]
[EventCountry "USA"]
[SourceTitle "EXT 2024"]
[Source "ChessBase"]
[SourceDate "2023.10.10"]
[SourceVersion "1"]
[SourceVersionDate "2023.10.10"]
[SourceQuality "1"]

1. e4 g6 2. d4 Nf6 3. Bd3 d6 4. Nf3 Bg7 5. 0-0 0-0 6. c3 Nc6 7. h3 e5 8. Bc2 Nh5 9. Re1 Nf4 10. Bxf4 exf4 11. Nbd2 Re8 12. Bd3 h6 13. Nf1 a5 14. N1h2 g5 15. Nd2 Ne7 16. Qh5 Ng6 17. Ng4 Bxg4 18. Qxg4 c5 19. Nf3 cxd4 20. cxd4 Qb6 21. e5 dxe5 22. Bxg6 Qxg6 23. dxe5 Rac8 24. h4 Rc2 25. hxg5 hxg5 26. b3 Rc5 27. Re2 Bxe5 28. Rae1 f6 29. Qd7 Qf7 30. Qf5 Rd5 31. Nxe5 Rexe5 32. Rxe5 Rxe5 33. Rxe5 fxe5 34. Qxe5 Qg6 35. Qb8+ Kh7 36. Qxb7+ Kh6 37. a4 g4 38. Qd5 g3 39. fxg3 fxg3 40. Qd2+ Kh5 41. Qxa5+ Kh6 42. Qd2+ Kh7 43. Qd7+ Kh6 44. Qd1 Qb6+ 45. Kh1 Qf2 46. Qc1+ Kg6 47. a5 Qd4 48. Qc6+ Kg5 49. Qb5+ Kg6 50. Qb6+ 1-0

[Event "Titled Tuesday intern op 18th Jul Late"]
[Site "Chess.com INT"]
[Date "2023.07.18"]
[Round "1"]
[White "Shapiro, Daniel E"]
[Black "Dragomirescu, Robin Alexandru"]
[Result "1-0"]
[WhiteElo "2284"]
[BlackElo "2338"]
[PlyCount "91"]
[EventDate "2023.07.18"]
[EventType "swiss (blitz)"]
[EventRounds "11"]
[EventCountry "USA"]
[SourceTitle "EXT 2024"]
[Source "ChessBase"]
[SourceDate "2023.10.10"]
[SourceVersion "1"]
[SourceVersionDate "2023.10.10"]
[SourceQuality "1"]

1. d4 Nf6 2. c4 e6 3. g3 Bb4+ 4. Bd2 c5 5. Nf3 Nc6 6. dxc5 Bxc5 7. Bg2 b6 8. 0-0 Bb7 9. a3 d5 10. b4 Be7 11. Qb3 0-0 12. cxd5 Qxd5 13. Qxd5 Nxd5 14. e4 Nf6 15. Nc3 Rfd8 16. Rfd1 Nd4 17. Nxd4 Rxd4 18. e5 Nd5 19. Nb5 Rd3 20. Be4 Rb3 21. Nd4 Rb2 22. Bxd5 Bxd5 23. Bc1 Rb3 24. Nxb3 Bxb3 25. Rd7 Kf8 26. Bd2 Ke8 27. Rc7 Bd8 28. Rc3 Bd5 29. Rac1 Kd7 30. a4 h5 31. f4 a6 32. Rd3 Be7 33. a5 bxa5 34. bxa5 Rb8 35. h3 Rb2 36. g4 hxg4 37. hxg4 g6 38. f5 gxf5 39. gxf5 Bd8 40. fxe6+ fxe6 41. Rf1 Be7 42. Rf7 Ke8 43. Rh7 Bc5+ 44. Be3 Be4 45. Rc3 Bxe3+ 46. Rxe3 1-0

[Event "Titled Tuesday intern op 11th Jul Late"]
[Site "Chess.com INT"]
[Date "2023.07.11"]
[Round "8"]
[White "Dragomirescu, Robin Alexandru"]
[Black "Slovineanu, Viacheslav"]
[Result "0-1"]
[WhiteElo "2338"]
[BlackElo "2412"]
[PlyCount "56"]
[EventDate "2023.07.11"]
[EventType "swiss (blitz)"]
[EventRounds "11"]
[EventCountry "USA"]
[SourceTitle "EXT 2024"]
[Source "ChessBase"]
[SourceDate "2023.10.10"]
[SourceVersion "1"]
[SourceVersionDate "2023.10.10"]
[SourceQuality "1"]

1. b3 d5 2. Bb2 Nf6 3. e3 e6 4. Nf3 Be7 5. c4 c5 6. cxd5 exd5 7. Bb5+ Nbd7 8. h3 0-0 9. 0-0 a6 10. Be2 b5 11. d4 c4 12. Ne5 Bb7 13. a4 Nxe5 14. dxe5 Nd7 15. bxc4 dxc4 16. Bf3 Bxf3 17. Qxf3 b4 18. Bd4 Qc7 19. Nd2 c3 20. Ne4 Nxe5 21. Qg3 f6 22. Rfd1 c2 23. Rdc1 b3 24. Nd2 Rab8 25. Bb2 Bd6 26. Ne4 Nc4 27. Nxd6 Qxd6 28. Qxd6 Nxd6 0-1

[Event "Titled Tuesday intern op 11th Jul Late"]
[Site "Chess.com INT"]
[Date "2023.07.11"]
[Round "6"]
[White "Luke Brezmes, Cristofer"]
[Black "Dragomirescu, Robin Alexandru"]
[Result "1/2-1/2"]
[WhiteElo "2087"]
[BlackElo "2338"]
[PlyCount "138"]
[EventDate "2023.07.11"]
[EventType "swiss (blitz)"]
[EventRounds "11"]
[EventCountry "USA"]
[SourceTitle "EXT 2024"]
[Source "ChessBase"]
[SourceDate "2023.10.10"]
[SourceVersion "1"]
[SourceVersionDate "2023.10.10"]
[SourceQuality "1"]

1. e4 Nc6 2. d4 e5 3. Nf3 exd4 4. Bc4 Nf6 5. 0-0 Nxe4 6. Nc3 dxc3 7. Bxf7+ Kxf7 8. Qd5+ Ke8 9. Re1 Be7 10. Rxe4 d6 11. b4 Ne5 12. Nxe5 dxe5 13. Qxe5 Qd6 14. Bg5 h6 15. Bxe7 Qxe5 16. Rxe5 Kf7 17. Rae1 Re8 18. R5e3 Bf5 19. Bc5 Rxe3 20. Rxe3 Re8 21. Rxe8 Kxe8 22. Bd4 Bxc2 23. Bxg7 Bb1 24. Bxc3 Bxa2 25. f4 h5 26. Kf2 Kf7 27. Be5 c6 28. Bd4 b6 29. g3 Ke6 30. Ke3 Bb1 31. Kf3 Bf5 32. Ke3 Kd5 33. Bc3 Kc4 34. Be1 c5 35. bxc5 Kxc5 36. Kd2 a5 37. Bf2+ Kc6 38. Kc3 b5 39. Kd4 a4 40. Be1 a3 41. Bb4 a2 42. Bc3 Kd6 43. Bb4+ Kc6 44. Bc3 b4 45. Ba1 Kb5 46. Ke5 Bd7 47. f5 Kc4 48. f6 Be8 49. Ke4 Kb3 50. Kd3 Bg6+ 51. Kd2 Kc4 52. Kc1 Kd3 53. Kb2 Bf7 54. Kc1 Ke2 55. Be5 Kf3 56. Kb2 Ke4 57. Bc7 Kf5 58. Bd8 Kg4 59. Bc7 Kh3 60. Bf4 Kg2 61. Bd6 Kf3 62. Bxb4 Kg2 63. Bd6 Kxh2 64. g4+ Kg2 65. gxh5 Bxh5 66. Kxa2 Kf3 67. Kb2 Ke4 68. Be7 Kd5 69. f7 Bxf7 1/2-1/2

[Event "Titled Tuesday intern op 30th May Late"]
[Site "Chess.com INT"]
[Date "2023.05.30"]
[Round "9"]
[White "Dragomirescu, Robin Alexandru"]
[Black "Cruz, Jonathan"]
[Result "1-0"]
[WhiteElo "2337"]
[BlackElo "2328"]
[PlyCount "81"]
[EventDate "2023.05.30"]
[EventType "swiss (blitz)"]
[EventRounds "11"]
[EventCountry "USA"]
[SourceTitle "CBM 214 Extra"]
[Source "ChessBase"]
[SourceDate "2023.07.31"]
[SourceVersion "1"]
[SourceVersionDate "2023.07.31"]
[SourceQuality "1"]

1. c4 e5 2. Nc3 Nc6 3. Nf3 g6 4. d4 exd4 5. Nxd4 Bg7 6. Nxc6 bxc6 7. Qd2 Qf6 8. e4 Qe5 9. Bd3 Nf6 10. 0-0 Ng4 11. f4 Qc5+ 12. Kh1 Ba6 13. Qe2 h5 14. e5 0-0-0 15. Bd2 d5 16. cxd5 Bxd3 17. Qxd3 cxd5 18. Na4 Qc4 19. Qa3 Bf8 20. b4 Qa6 21. Rac1 Kb8 22. Qb3 Be7 23. b5 Qb7 24. Rc6 Rd7 25. Rfc1 Rhd8 26. Nb2 Nf2+ 27. Kg1 Ne4 28. Ba5 Rc8 29. Nd3 d4 30. a4 Nc3 31. Bxc3 dxc3 32. R1xc3 Rcd8 33. a5 Rd5 34. Nc5 Bxc5+ 35. R3xc5 Rd1+ 36. Kf2 R8d2+ 37. Ke3 Rd3+ 38. Qxd3 Rxd3+ 39. Kxd3 Qc8 40. Rxc7 Qf5+ 41. Ke3 1-0

[Event "Titled Tuesday intern op 30th May Late"]
[Site "Chess.com INT"]
[Date "2023.05.30"]
[Round "7"]
[White "Dragomirescu, Robin Alexandru"]
[Black "Goltsev, Dmitry"]
[Result "1-0"]
[WhiteElo "2337"]
[BlackElo "2269"]
[PlyCount "85"]
[EventDate "2023.05.30"]
[EventType "swiss (blitz)"]
[EventRounds "11"]
[EventCountry "USA"]
[SourceTitle "CBM 214 Extra"]
[Source "ChessBase"]
[SourceDate "2023.07.31"]
[SourceVersion "1"]
[SourceVersionDate "2023.07.31"]
[SourceQuality "1"]

1. b3 Nf6 2. Bb2 g6 3. Bxf6 exf6 4. c4 Bg7 5. Nc3 0-0 6. g3 c6 7. Bg2 f5 8. Rc1 Na6 9. e3 Nc7 10. Nge2 Ne6 11. d4 d6 12. h4 h5 13. b4 Bd7 14. a4 a6 15. Qb3 Re8 16. b5 axb5 17. axb5 Nc7 18. bxc6 bxc6 19. 0-0 Rb8 20. Qa3 Qe7 21. Rb1 Ra8 22. Qb3 g5 23. Qb7 Rec8 24. hxg5 Qxg5 25. Bxc6 Bxc6 26. Qxc6 h4 27. Qxd6 h3 28. Nf4 Qg4 29. Rb7 Bf8 30. Qd7 h2+ 31. Kxh2 Ra6 32. Qxc8 Qf3 33. Nce2 Rh6+ 34. Nh3 Qxe2 35. Qxc7 Rh7 36. Kg2 Qg4 37. Nf4 Qe2 38. Rh1 Rxh1 39. Kxh1 Qf1+ 40. Kh2 Qxf2+ 41. Ng2 Qf3 42. Qxf7+ Kh8 43. Qh7# 1-0

[Event "Titled Tuesday intern op 30th May Late"]
[Site "Chess.com INT"]
[Date "2023.05.30"]
[Round "5"]
[White "Jarovinsky, Alexey"]
[Black "Dragomirescu, Robin Alexandru"]
[Result "1/2-1/2"]
[WhiteElo "2305"]
[BlackElo "2337"]
[PlyCount "102"]
[EventDate "2023.05.30"]
[EventType "swiss (blitz)"]
[EventRounds "11"]
[EventCountry "USA"]
[SourceTitle "CBM 214 Extra"]
[Source "ChessBase"]
[SourceDate "2023.07.31"]
[SourceVersion "1"]
[SourceVersionDate "2023.07.31"]
[SourceQuality "1"]

1. Nc3 Nc6 2. d4 d5 3. e4 dxe4 4. d5 Ne5 5. Qd4 Ng6 6. Qxe4 Nf6 7. Qa4+ Bd7 8. Bb5 a6 9. Bxd7+ Qxd7 10. Qxd7+ Kxd7 11. h4 c6 12. h5 Ne5 13. Bf4 Nc4 14. dxc6+ Kxc6 15. Nf3 e5 16. Nxe5+ Nxe5 17. Bxe5 Re8 18. f4 Bd6 19. 0-0 Bxe5 20. fxe5 Rxe5 21. h6 Re6 22. hxg7 Rg8 23. Rae1 Rxe1 24. Rxe1 Rxg7 25. Ne4 Nxe4 26. Rxe4 Rg5 27. Rf4 f5 28. Kf2 b5 29. c4 b4 30. b3 Kc5 31. Rh4 h5 32. Rf4 a5 33. g3 a4 34. Kg2 axb3 35. axb3 Kd6 36. Rd4+ Ke5 37. Rd5+ Ke4 38. Kh3 Rg7 39. Rb5 h4 40. Kxh4 Rh7+ 41. Kg5 Rg7+ 42. Kh4 Rh7+ 43. Kg5 Rg7+ 44. Kf6 Rxg3 45. Rxb4 f4 46. c5+ Kd5 47. Rc4 Rxb3 48. Rxf4 Kxc5 49. Ke5 Rc3 50. Rg4 Rc4 51. Rxc4+ Kxc4 1/2-1/2